[Event "Belgrade-chT"]
[Site "Belgrade"]
[Date "2018.05.09"]
[Round "3"]
[White "Petrovic, Milan M"]
[Black "Andrijevic, Milan"]
[Result "1/2-1/2"]
[WhiteElo "1896"]
[BlackElo "2280"]
[PlyCount "106"]
[EventDate "2018.05.07"]
[EventType "team-swiss"]
[EventRounds "5"]
[EventCountry "SRB"]
[SourceTitle "CBM 184 Extra"]
[Source "ChessBase"]
[SourceDate "2018.06.28"]
[SourceVersion "1"]
[SourceVersionDate "2018.06.28"]
[SourceQuality "1"]
[WhiteTeam "Belgrade Zemun"]
[BlackTeam "Belgrade Romanticari"]
[WhiteTeamCountry "SRB"]
[BlackTeamCountry "SRB"]

1. e4 c5 2. Nc3 e6 3. f4 d5 4. Nf3 dxe4 5. Nxe4 Nd7 6. g3 Ngf6 7. Nf2 Bd6 8. Bg2 0-0 9. 0-0 e5 10. fxe5 Nxe5 11. b3 Nxf3+ 12. Qxf3 Be5 13. Rb1 Rb8 14. d3 Be6 15. Bf4 Bxf4 16. Qxf4 Qd4 17. Qd2 Bd5 18. c3 Qe5 19. Rbe1 Qd6 20. Ne4 Bxe4 21. Bxe4 Nxe4 22. Rxe4 Rbd8 23. Rf3 Rd7 24. Qf2 b6 25. d4 Qc6 26. Ref4 cxd4 27. Rxd4 Rxd4 28. cxd4 g6 29. h4 Qc1+ 30. Qf1 Qxf1+ 31. Kxf1 Rd8 32. Rd3 Kf8 33. Ke2 Ke7 34. Ke3 Rc8 35. Kf4 f6 36. a4 Kd6 37. h5 gxh5 38. Kf5 Kd5 39. Kxf6 Rg8 40. Ke7 a6 41. Kd7 Rg7+ 42. Kc8 b5 43. a5 b4 44. Rf3 Kxd4 45. Rf6 Rxg3 46. Rxa6 Rg5 47. Rc6 Rc5 48. Rc7 Rc3 49. a6 Rxb3 50. Rxh7 Ra3 51. Kb7 b3 52. Rxh5 b2 53. Rb5 Kc3 1/2-1/2

[Event "Belgrade-chT"]
[Site "Belgrade"]
[Date "2018.05.08"]
[Round "2"]
[White "Petrovic, Milan M"]
[Black "Djokic, Nenad"]
[Result "0-1"]
[WhiteElo "1896"]
[BlackElo "2320"]
[PlyCount "34"]
[EventDate "2018.05.07"]
[EventType "team-swiss"]
[EventRounds "5"]
[EventCountry "SRB"]
[SourceTitle "CBM 184 Extra"]
[Source "ChessBase"]
[SourceDate "2018.06.28"]
[SourceVersion "1"]
[SourceVersionDate "2018.06.28"]
[SourceQuality "1"]
[WhiteTeam "Belgrade Zemun"]
[BlackTeam "Belgrade CC"]
[WhiteTeamCountry "SRB"]
[BlackTeamCountry "SRB"]

1. e4 c5 2. Nc3 Nc6 3. f4 g6 4. Nf3 Bg7 5. Bc4 d6 6. 0-0 e6 7. d3 Nge7 8. f5 exf5 9. Qe1 Ne5 10. Bb3 Be6 11. Bg5 Bxb3 12. axb3 f6 13. Bd2 0-0 14. Qh4 Nf7 15. Qh3 Qd7 16. Nh4 Ng5 17. Qg3 Nf7 0-1

[Event "Senta op 21st"]
[Site "Senta"]
[Date "2017.07.29"]
[Round "6"]
[White "Petrovic, Milan M"]
[Black "Nagy, Attila"]
[Result "0-1"]
[WhiteElo "1922"]
[BlackElo "2178"]
[PlyCount "52"]
[EventDate "2017.07.24"]
[EventType "swiss"]
[EventRounds "9"]
[EventCountry "SRB"]
[SourceTitle "CBM 179 Extra"]
[Source "ChessBase"]
[SourceDate "2017.08.23"]
[SourceVersion "1"]
[SourceVersionDate "2017.08.23"]
[SourceQuality "1"]

1. e4 c5 2. Nc3 Nc6 3. Bb5 g6 4. f4 Bg7 5. Nf3 Nd4 6. Bc4 e6 7. 0-0 Ne7 8. Nxd4 cxd4 9. Ne2 0-0 10. Bb3 d6 11. d3 Bd7 12. Qe1 Kh8 13. Bd2 Qc7 14. Rc1 a5 15. c3 a4 16. Bd1 Qb6 17. cxd4 e5 18. Kh1 exd4 19. Qh4 Rae8 20. Ng3 f5 21. b3 Qb5 22. Rf3 Bf6 23. bxa4 Qb2 24. Rc2 Qb1 25. Rc1 Qxa2 26. Rc2 Qxa4 0-1

[Event "Senta op 21st"]
[Site "Senta"]
[Date "2017.07.24"]
[Round "1"]
[White "Drazic, Sinisa"]
[Black "Petrovic, Milan M"]
[Result "1-0"]
[WhiteElo "2436"]
[BlackElo "1922"]
[PlyCount "73"]
[EventDate "2017.07.24"]
[EventType "swiss"]
[EventRounds "9"]
[EventCountry "SRB"]
[SourceTitle "CBM 179 Extra"]
[Source "ChessBase"]
[SourceDate "2017.08.23"]
[SourceVersion "1"]
[SourceVersionDate "2017.08.23"]
[SourceQuality "1"]

1. e4 c6 2. Nc3 d5 3. d3 Nf6 4. e5 Nfd7 5. d4 c5 6. f4 cxd4 7. Qxd4 e6 8. Nf3 Nc6 9. Qf2 Qb6 10. Qxb6 Nxb6 11. Nb5 Kd7 12. Be3 Na4 13. b3 Bb4+ 14. Bd2 Bxd2+ 15. Kxd2 Nc5 16. Bd3 f6 17. Rhe1 b6 18. Nbd4 f5 19. Nxc6 Kxc6 20. Nd4+ Kc7 21. g4 fxg4 22. Rg1 h5 23. h3 Bd7 24. hxg4 Raf8 25. f5 hxg4 26. Rxg4 exf5 27. Rxg7 Re8 28. Re1 Kc8 29. Nxf5 Nxd3 30. Nd6+ Kd8 31. cxd3 Rh2+ 32. Kc3 Re7 33. Rg8+ Kc7 34. a4 Rh5 35. d4 Rh3+ 36. Kb2 Rd3 37. Rc1+ 1-0

[Event "Veliko Gradiste Silver Lake op-B"]
[Site "Veliko Gradiste"]
[Date "2017.06.22"]
[Round "6"]
[White "Petrovic, Milan M"]
[Black "Demir, Baran"]
[Result "1/2-1/2"]
[WhiteElo "1934"]
[BlackElo "1842"]
[PlyCount "118"]
[EventDate "2017.06.18"]
[EventType "swiss"]
[EventRounds "9"]
[EventCountry "SRB"]
[SourceTitle "CBM 179 Extra"]
[Source "ChessBase"]
[SourceDate "2017.08.23"]
[SourceVersion "1"]
[SourceVersionDate "2017.08.23"]
[SourceQuality "1"]

1. f4 d5 2. Nf3 Nf6 3. e3 g6 4. b3 Bg7 5. Bb2 0-0 6. Be2 c5 7. 0-0 Nc6 8. Ne5 d4 9. Nxc6 bxc6 10. Bf3 Nd5 11. Bxd5 Qxd5 12. Qf3 dxe3 13. Bxg7 Kxg7 14. Qxe3 Bf5 15. Na3 Qd4 16. Rfe1 Rfd8 17. d3 e6 18. Nc4 f6 19. Kh1 h5 20. h3 Qd5 21. Kh2 Kf7 22. Qe2 h4 23. Ne3 Qd6 24. Qf2 g5 25. Nxf5 exf5 26. Kh1 g4 27. Re3 Qd4 28. Rae1 Re8 29. Qe2 Rxe3 30. Qxe3 Qxe3 31. Rxe3 a5 32. a4 Rd8 33. Kg1 Rd4 34. hxg4 fxg4 35. Re4 f5 36. Re5 Rd5 37. Re2 g3 38. Re3 Kg6 39. Re8 Rd4 40. Re5 Rxf4 41. Rxc5 Rf2 42. Rxc6+ Kg5 43. b4 axb4 44. a5 b3 45. cxb3 Ra2 46. Rc1 Rxa5 47. b4 Rb5 48. Rc4 Rd5 49. d4 Kf4 50. Kf1 Ke3 51. Rc1 Kxd4 52. Ke2 Rb5 53. Rh1 Ke4 54. Rxh4+ f4 55. Rh8 Re5 56. Rb8 Kf5+ 57. Kf1 Ke4 58. b5 f3 59. gxf3+ Kxf3 1/2-1/2

[Event "SRB-ch sf Belgrade-ch"]
[Site "Belgrade"]
[Date "2017.01.31"]
[Round "9"]
[White "Petrovic, Milan M"]
[Black "Petrovic, Sreten"]
[Result "1-0"]
[WhiteElo "1933"]
[BlackElo "1753"]
[PlyCount "61"]
[EventDate "2017.01.23"]
[EventType "swiss"]
[EventRounds "9"]
[EventCountry "SRB"]
[SourceTitle "EXT 2018"]
[Source "ChessBase"]
[SourceDate "2017.10.13"]
[SourceVersion "1"]
[SourceVersionDate "2017.10.13"]
[SourceQuality "1"]

1. e4 d6 2. f4 g6 3. Nf3 Bg7 4. Bc4 Nf6 5. d3 c6 6. Nc3 0-0 7. 0-0 Bg4 8. h3 Bd7 9. Qe1 b5 10. Bb3 a5 11. a4 b4 12. Ne2 c5 13. g4 Qc8 14. f5 Nc6 15. Qh4 Ne5 16. Bh6 c4 17. Nxe5 cxb3 18. Nxd7 Nxd7 19. Bxg7 Kxg7 20. cxb3 Qc2 21. Nf4 Nf6 22. g5 Ng8 23. Rf2 Qxb3 24. Raf1 Rac8 25. Qg3 e6 26. f6+ Kh8 27. h4 Rc2 28. h5 Rxf2 29. Rxf2 e5 30. hxg6 exf4 31. g7# 1-0

[Event "SRB-ch sf Belgrade-ch"]
[Site "Belgrade"]
[Date "2017.01.30"]
[Round "8"]
[White "Stankovic, Branislav D"]
[Black "Petrovic, Milan M"]
[Result "1-0"]
[WhiteElo "2276"]
[BlackElo "1933"]
[PlyCount "73"]
[EventDate "2017.01.23"]
[EventType "swiss"]
[EventRounds "9"]
[EventCountry "SRB"]
[SourceTitle "EXT 2018"]
[Source "ChessBase"]
[SourceDate "2017.10.13"]
[SourceVersion "1"]
[SourceVersionDate "2017.10.13"]
[SourceQuality "1"]

1. d4 d5 2. c4 e5 3. dxe5 d4 4. Nf3 Nc6 5. g3 Be6 6. Nbd2 Bb4 7. Qc2 Nge7 8. Bg2 Bf5 9. Qb3 a5 10. Qa4 Qd7 11. 0-0 0-0 12. Rd1 Ng6 13. Nb3 Bc2 14. Rxd4 Bxb3 15. axb3 Qf5 16. e4 Qh5 17. Rd5 Ngxe5 18. Nxe5 Nxe5 19. Bd2 Bxd2 20. Rxd2 Nf3+ 21. Bxf3 Qxf3 22. Re1 c6 23. b4 Rfe8 24. Rde2 Re5 25. bxa5 Rexa5 26. Qb4 b5 27. Re3 Qf6 28. e5 Qe6 29. cxb5 Rxb5 30. Qc3 Rab8 31. Rd1 c5 32. Rd6 Qa2 33. e6 fxe6 34. Rd7 Qb1+ 35. Kg2 Qg6 36. Rxe6 Rb3 37. Rxg6 1-0

[Event "Palic Karadzic Memorial op"]
[Site "Palic"]
[Date "2016.11.04"]
[Round "9"]
[White "Petrovic, Milan M"]
[Black "Demeter, Dorina"]
[Result "0-1"]
[WhiteElo "1853"]
[BlackElo "1983"]
[PlyCount "92"]
[EventDate "2016.10.29"]
[EventType "swiss"]
[EventRounds "9"]
[EventCountry "SRB"]
[SourceTitle "CBM 175 Extra"]
[Source "ChessBase"]
[SourceDate "2016.12.12"]
[SourceVersion "1"]
[SourceVersionDate "2016.12.12"]
[SourceQuality "1"]

1. e4 c5 2. Nc3 e6 3. f4 Nc6 4. Nf3 a6 5. a4 Nge7 6. Bc4 g6 7. 0-0 Bg7 8. d3 d5 9. Ba2 Rb8 10. Qe1 Nb4 11. Bb1 dxe4 12. dxe4 0-0 13. Be3 b6 14. a5 Nec6 15. axb6 Nd4 16. Qf2 Nxf3+ 17. gxf3 Bd4 18. Na4 Nc6 19. c3 Bxe3 20. Qxe3 Qe7 21. Bd3 a5 22. Bb5 Nd8 23. Rfd1 Nb7 24. Rd2 Qh4 25. e5 f6 26. Bd7 Bxd7 27. Rxd7 Rfd8 28. Rad1 Rxd7 29. Rxd7 f5 30. Kg2 h6 31. b3 g5 32. fxg5 hxg5 33. Qf2 Qf4 34. Qg3 Qe3 35. h4 Qe2+ 36. Kh3 Qf1+ 37. Qg2 g4+ 38. fxg4 fxg4+ 39. Kh2 Qf4+ 40. Qg3 Qe4 41. Rd3 Qe2+ 42. Kg1 Rf8 43. Qg2 Qe1+ 44. Kh2 Rf2 45. Rd7 Rxg2+ 46. Kxg2 Qe2+ 0-1

[Event "SRB-ch sf"]
[Site "Belgrade"]
[Date "2016.03.29"]
[Round "9"]
[White "Jakovljevic, Zivota"]
[Black "Petrovic, Milan M"]
[Result "1-0"]
[WhiteElo "2033"]
[BlackElo "1845"]
[PlyCount "54"]
[EventDate "2016.03.21"]
[EventType "swiss"]
[EventRounds "9"]
[EventCountry "SRB"]
[SourceTitle "CBM 171 Extra"]
[Source "ChessBase"]
[SourceDate "2016.04.26"]
[SourceVersion "1"]
[SourceVersionDate "2016.04.26"]
[SourceQuality "1"]

1. d4 d5 2. c4 e5 3. dxe5 d4 4. Nf3 Nc6 5. a3 a5 6. b3 Bg4 7. Bb2 Bc5 8. Nbd2 Nge7 9. g3 Ng6 10. Bg2 Qe7 11. 0-0 h5 12. Qc2 h4 13. b4 hxg3 14. bxc5 Nf4 15. fxg3 Nxg2 16. Kxg2 Bh3+ 17. Kg1 Bxf1 18. Rxf1 0-0-0 19. Qf5+ Kb8 20. Ne4 Rh6 21. Bc1 Qe6 22. Qxe6 Rxe6 23. Nfg5 Rxe5 24. Nxf7 Rxe4 25. Nxd8 Rxe2 26. Nxc6+ bxc6 27. Bf4 Ra2 1-0

[Event "SRB-ch sf"]
[Site "Belgrade"]
[Date "2016.03.24"]
[Round "4"]
[White "Petrovic, Milan M"]
[Black "Bjeletic, Zeljko"]
[Result "1-0"]
[WhiteElo "1845"]
[BlackElo "1456"]
[PlyCount "81"]
[EventDate "2016.03.21"]
[EventType "swiss"]
[EventRounds "9"]
[EventCountry "SRB"]
[SourceTitle "CBM 171 Extra"]
[Source "ChessBase"]
[SourceDate "2016.04.26"]
[SourceVersion "1"]
[SourceVersionDate "2016.04.26"]
[SourceQuality "1"]

1. e4 e6 2. Nc3 d5 3. d4 Nf6 4. Bg5 Be7 5. e5 Nfd7 6. h4 Bxg5 7. hxg5 Qxg5 8. Qd3 h6 9. Rh3 Qe7 10. 0-0-0 a6 11. Rg3 Qf8 12. f4 g6 13. Nf3 c5 14. Nxd5 exd5 15. e6 fxe6 16. Qe3 Qf6 17. dxc5 Kf7 18. Bd3 Rg8 19. Rh1 Nc6 20. Rxh6 Nf8 21. Rgh3 Ne7 22. g4 Ke8 23. Ne5 Kd8 24. c4 Kc7 25. Qd2 a5 26. Kb1 Bd7 27. Nxd7 Nxd7 28. b4 axb4 29. Qxb4 Nc6 30. Qd2 Qd4 31. cxd5 exd5 32. Rh7 Nb4 33. Rxd7+ Kb8 34. Rxb7+ Kxb7 35. Ba6+ Rxa6 36. Qxd4 Nc6 37. Qxd5 Rd8 38. Rh7+ Ka8 39. Qe4 Kb8 40. Qc4 Ra5 41. Qb3+ 1-0

[Event "SRB Central-ch op-B 7th"]
[Site "Paracin"]
[Date "2014.07.11"]
[Round "9"]
[White "Hereklioglu, Sude"]
[Black "Petrovic, Milan M"]
[Result "1-0"]
[WhiteElo "1641"]
[BlackElo "1953"]
[PlyCount "49"]
[EventDate "2014.07.04"]
[EventType "swiss"]
[EventRounds "9"]
[EventCountry "SRB"]
[SourceTitle "CBM 161 Extra"]
[Source "ChessBase"]
[SourceDate "2014.08.29"]
[SourceVersion "1"]
[SourceVersionDate "2014.08.29"]
[SourceQuality "1"]

1. d4 d5 2. Nc3 Bf5 3. Nf3 e6 4. Bg5 Nf6 5. e3 Bb4 6. Bd3 h6 7. Bxf5 exf5 8. Bxf6 Qxf6 9. Qd3 c6 10. 0-0 Bd6 11. Ne2 Nd7 12. b3 g5 13. Ng3 f4 14. Nf5 Bc7 15. e4 dxe4 16. Qxe4+ Kf8 17. Rfe1 Nb6 18. c4 Rd8 19. Rad1 Nc8 20. c5 h5 21. d5 cxd5 22. Rxd5 Kg8 23. Rxd8+ Bxd8 24. Nxg5 Qxg5 25. Qe8+ 1-0

[Event "SRB Central-ch op-B 7th"]
[Site "Paracin"]
[Date "2014.07.05"]
[Round "2"]
[White "Miljkovic, Jovana"]
[Black "Petrovic, Milan M"]
[Result "1/2-1/2"]
[WhiteElo "1674"]
[BlackElo "1953"]
[PlyCount "162"]
[EventDate "2014.07.04"]
[EventType "swiss"]
[EventRounds "9"]
[EventCountry "SRB"]
[SourceTitle "CBM 161 Extra"]
[Source "ChessBase"]
[SourceDate "2014.08.29"]
[SourceVersion "1"]
[SourceVersionDate "2014.08.29"]
[SourceQuality "1"]

1. d4 d5 2. c4 e5 3. dxe5 d4 4. Nf3 Nc6 5. a3 a5 6. e3 Bc5 7. exd4 Bxd4 8. Be2 Nge7 9. 0-0 0-0 10. Nxd4 Qxd4 11. Nc3 Rd8 12. Bg5 Qxe5 13. Qc1 Nd4 14. Qe3 Qxe3 15. fxe3 Nxe2+ 16. Nxe2 f6 17. Bf4 Rd2 18. Nd4 c5 19. Nb3 Rxb2 20. Nxc5 b6 21. Na4 Rb3 22. Rfb1 Rxb1+ 23. Rxb1 Bf5 24. Rxb6 Bc2 25. Nc3 Rc8 26. Rb8 Rxb8 27. Bxb8 Kf7 28. Kf2 Ke6 29. Nb5 Bd3 30. Nd4+ Kd7 31. c5 Nc6 32. Nxc6 Kxc6 33. Bd6 Kb5 34. Kf3 f5 35. Kf4 Be4 36. g4 g6 37. gxf5 gxf5 38. Kg5 Kc6 39. Kh6 Kb5 40. h4 Ka4 41. c6 Bxc6 42. Kxh7 Be8 43. Kh6 Kb5 44. Kg5 Kc6 45. Bf8 Kd5 46. Kxf5 Bd7+ 47. Kg5 Ke6 48. h5 Kf7 49. Bc5 Bc6 50. h6 Be4 51. Kf4 Bc2 52. e4 a4 53. Kf5 Bd3 54. Bd6 Bc2 55. Bc5 Bd3 56. Bd4 Kg8 57. Ke5 Kh7 58. Be3 Bc2 59. Kd5 Kg6 60. e5 Kf7 61. Kd6 Bf5 62. Bd2 Bg4 63. Bc3 Kg6 64. Bd2 Kf7 65. Be3 Bf5 66. Bg5 Bg4 67. Bf6 Bf5 68. Bg7 Bg4 69. Bf6 Bf5 70. e6+ Kxf6 71. e7 Bg6 72. Kd7 Bf7 73. e8Q Bxe8+ 74. Kxe8 Kg6 75. Kd7 Kxh6 76. Kc6 Kg7 77. Kb5 Kf7 78. Kxa4 Ke7 79. Kb5 Kd7 80. Kb6 Kc8 81. Ka7 Kc7 1/2-1/2

[Event "Srebrno Jezero op-B 7th"]
[Site "Srebrno Jezero"]
[Date "2013.06.18"]
[Round "7"]
[White "Petrovic, Milan M"]
[Black "Mickovic, Slavisa"]
[Result "0-1"]
[WhiteElo "1917"]
[BlackElo "2103"]
[PlyCount "91"]
[EventDate "2013.06.14"]
[EventType "swiss"]
[EventRounds "9"]
[EventCountry "SRB"]
[SourceTitle "EXT 2014"]
[Source "ChessBase"]
[SourceDate "2013.11.20"]
[SourceVersion "1"]
[SourceVersionDate "2013.11.20"]
[SourceQuality "1"]

1. e4 c6 2. Nc3 d5 3. Qf3 d4 4. Bc4 e6 5. Nce2 c5 6. Qg3 Nc6 7. d3 Nf6 8. f4 b5 9. Bb3 Bb7 10. a3 Na5 11. Ba2 g6 12. Nf3 Be7 13. 0-0 Qc7 14. Bd2 Nc6 15. Rac1 Rd8 16. Ne5 Nxe5 17. fxe5 Nh5 18. Qf3 0-0 19. Bh6 Ng7 20. Bf4 Nf5 21. Qh3 Ne3 22. Rf3 Rd7 23. Qg3 Qd8 24. Bh6 Bh4 25. Qf4 g5 26. Rg3 Bxg3 27. Qxg3 g4 28. Nf4 c4 29. Nh5 f5 30. exf6 Rff7 31. dxc4 Nxc4 32. Qxg4+ Kh8 33. Bxc4 bxc4 34. Qxe6 Rc7 35. Rd1 Bc8 36. Qe5 d3 37. cxd3 Bg4 38. Bg7+ Kg8 39. Rc1 Bxh5 40. Qxh5 cxd3 41. Rd1 Qd6 42. Kh1 Qe6 43. Qb5 Rfd7 44. Qb8+ Kf7 45. Qf8+ Kg6 46. Bh6 0-1

[Event "Srebrno Jezero op-B 7th"]
[Site "Srebrno Jezero"]
[Date "2013.06.16"]
[Round "4"]
[White "Dubravcic, Nikola"]
[Black "Petrovic, Milan M"]
[Result "0-1"]
[WhiteElo "1661"]
[BlackElo "1917"]
[PlyCount "42"]
[EventDate "2013.06.14"]
[EventType "swiss"]
[EventRounds "9"]
[EventCountry "SRB"]
[SourceTitle "EXT 2014"]
[Source "ChessBase"]
[SourceDate "2013.11.20"]
[SourceVersion "1"]
[SourceVersionDate "2013.11.20"]
[SourceQuality "1"]

1. e4 c6 2. Nc3 d5 3. Nf3 dxe4 4. Nxe4 Nf6 5. Nxf6+ exf6 6. d4 Bd6 7. Be2 0-0 8. 0-0 Bg4 9. b3 Re8 10. Bb2 Nd7 11. c4 Rc8 12. Qc2 c5 13. Rad1 Bb8 14. h3 Bh5 15. dxc5 Qc7 16. g3 Nxc5 17. Rfe1 Ne4 18. g4 Nxf2 19. Bf1 Qg3+ 20. Bg2 Nxh3+ 21. Kf1 Bxg4 0-1

[Event "Srebrno Jezero op-B 7th"]
[Site "Srebrno Jezero"]
[Date "2013.06.16"]
[Round "5"]
[White "Petrovic, Milan M"]
[Black "Milosevic, Jovana"]
[Result "1/2-1/2"]
[WhiteElo "1917"]
[BlackElo "1900"]
[PlyCount "64"]
[EventDate "2013.06.14"]
[EventType "swiss"]
[EventRounds "9"]
[EventCountry "SRB"]
[SourceTitle "EXT 2014"]
[Source "ChessBase"]
[SourceDate "2013.11.20"]
[SourceVersion "1"]
[SourceVersionDate "2013.11.20"]
[SourceQuality "1"]

1. e4 c5 2. Nc3 d6 3. f4 Nc6 4. Nf3 g6 5. Bc4 Bg7 6. 0-0 e6 7. d3 Nge7 8. a3 0-0 9. Qe1 Nd4 10. Nxd4 cxd4 11. Ne2 Bd7 12. Qh4 Nc6 13. Qh3 Na5 14. Ba2 Kh8 15. g4 f5 16. gxf5 exf5 17. Qg2 Qc8 18. Bd2 Nc6 19. Ng3 Be6 20. Bxe6 Qxe6 21. Rae1 Qf7 22. Re2 fxe4 23. Nxe4 Qd5 24. Rf3 Rf5 25. Ng5 Bf6 26. Ne4 Bg7 27. Ng3 Rf7 28. Qf1 Raf8 29. h4 Ne5 30. Rff2 Ng4 31. Rf3 Ne5 32. Rff2 Ng4 1/2-1/2

[Event "Srebrno Jezero op-B 7th"]
[Site "Srebrno Jezero"]
[Date "2013.06.15"]
[Round "2"]
[White "Petrovic, Milan M"]
[Black "Zivkovic, Momcilo"]
[Result "0-1"]
[WhiteElo "1917"]
[BlackElo "2134"]
[PlyCount "48"]
[EventDate "2013.06.14"]
[EventType "swiss"]
[EventRounds "9"]
[EventCountry "SRB"]
[SourceTitle "EXT 2014"]
[Source "ChessBase"]
[SourceDate "2013.11.20"]
[SourceVersion "1"]
[SourceVersionDate "2013.11.20"]
[SourceQuality "1"]

1. e4 e6 2. d4 d5 3. Nc3 dxe4 4. Nxe4 Bd7 5. Nf3 Bc6 6. Bd3 Nd7 7. Qe2 Ngf6 8. Bg5 Be7 9. Nxf6+ Bxf6 10. Be3 Qe7 11. 0-0-0 e5 12. dxe5 Nxe5 13. Nxe5 Qxe5 14. Bd4 Qxe2 15. Bxe2 Bxg2 16. Rhg1 Bh3 17. Bxf6 gxf6 18. Rg3 Be6 19. Rdg1 Ke7 20. Rg7 Rad8 21. b3 Rd4 22. Bg4 Bd5 23. c4 Be4 24. Re1 Kf8 0-1

[Event "Belgrade Winter op"]
[Site "Belgrade"]
[Date "2011.01.25"]
[Round "4"]
[White "Moskovljevic, Sekula"]
[Black "Petrovic, Milan M"]
[Result "0-1"]
[WhiteElo "1793"]
[BlackElo "1949"]
[PlyCount "60"]
[EventDate "2011.01.22"]
[EventType "swiss"]
[EventRounds "9"]
[EventCountry "SRB"]
[SourceTitle "CBM 140 Extra"]
[Source "ChessBase"]
[SourceDate "2011.03.01"]
[SourceVersion "1"]
[SourceVersionDate "2011.03.01"]
[SourceQuality "1"]

1. e4 c6 2. d4 d5 3. Nc3 dxe4 4. Nxe4 Nd7 5. Bc4 Ngf6 6. Ng5 e6 7. Qe2 Nb6 8. Bb3 h6 9. N5f3 Bd6 10. Bd2 Qc7 11. c4 c5 12. Bc3 Qe7 13. 0-0-0 Bd7 14. Ne5 Ba4 15. Qc2 Bc6 16. d5 Bxe5 17. Bxe5 exd5 18. Bxf6 Qxf6 19. cxd5 Bd7 20. Re1+ Kd8 21. Nf3 c4 22. Bxc4 Nxc4 23. Qb3 Rc8 24. Kb1 Rc5 25. Qxb7 Rb5 26. Qa8+ Bc8 27. Ne5 Nxe5 28. Re2 Nc4 29. b3 Na3+ 30. Kc1 Rc5+ 0-1

[Event "Belgrade Winter op"]
[Site "Belgrade"]
[Date "2011.01.24"]
[Round "3"]
[White "Petrovic, Milan M"]
[Black "Gemovic, Djordje"]
[Result "1-0"]
[WhiteElo "1949"]
[BlackElo "1813"]
[PlyCount "57"]
[EventDate "2011.01.22"]
[EventType "swiss"]
[EventRounds "9"]
[EventCountry "SRB"]
[SourceTitle "CBM 140 Extra"]
[Source "ChessBase"]
[SourceDate "2011.03.01"]
[SourceVersion "1"]
[SourceVersionDate "2011.03.01"]
[SourceQuality "1"]

1. e4 e6 2. d4 d5 3. Nc3 Nf6 4. Bg5 Be7 5. e5 Nfd7 6. h4 c5 7. Nb5 cxd4 8. Nd6+ Kf8 9. Bxe7+ Kxe7 10. Qh5 Qf8 11. f4 Nc6 12. Nf3 h6 13. Bd3 Nc5 14. 0-0-0 Bd7 15. Rhf1 Be8 16. f5 f6 17. Nxe8 Rxe8 18. fxe6 Nxd3+ 19. Rxd3 fxe5 20. Nh2 Qg8 21. Rf7+ Kd8 22. Rxd4 Rxe6 23. Rxd5+ Kc8 24. Rdd7 Nd8 25. Rxg7 Qf8 26. Nf3 Qf4+ 27. Nd2 e4 28. Qd5 Ree8 29. Rxd8+ 1-0

[Event "Nis Svetosavski op"]
[Site "Nis"]
[Date "2011.01.23"]
[Round "5"]
[White "Petrovic, Milan M"]
[Black "Stojadinovic, Ljubisav"]
[Result "1-0"]
[WhiteElo "1949"]
[BlackElo "2068"]
[PlyCount "67"]
[EventDate "2011.01.21"]
[EventType "swiss"]
[EventRounds "5"]
[EventCountry "SRB"]
[SourceTitle "CBM 140 Extra"]
[Source "ChessBase"]
[SourceDate "2011.03.01"]
[SourceVersion "1"]
[SourceVersionDate "2011.03.01"]
[SourceQuality "1"]

1. e4 c5 2. Nc3 Nc6 3. f4 e6 4. Nf3 d6 5. Bc4 a6 6. d3 Nf6 7. 0-0 Be7 8. Qe1 0-0 9. e5 dxe5 10. fxe5 Ng4 11. Bf4 b5 12. Bb3 Bb7 13. Qg3 Nxh2 14. Kxh2 Kh8 15. Ne4 Nd4 16. Nxd4 cxd4 17. Rh1 f5 18. exf6 gxf6 19. Bxe6 Bxe4 20. dxe4 Ra7 21. Rad1 Bc5 22. Rd3 Rg7 23. Qh4 Bd6 24. Kg1 Rc7 25. Rdh3 Rff7 26. Bxf7 Rxf7 27. Bxd6 Qxd6 28. Qg3 Qb6 29. Qd3 Qe6 30. Qxd4 Rd7 31. Qc3 Qb6+ 32. Kh2 Qb8+ 33. Rg3 Rg7 34. Rf1 1-0

[Event "Nis Svetosavski op"]
[Site "Nis"]
[Date "2011.01.22"]
[Round "3"]
[White "Petrovic, Milan M"]
[Black "Mitrovic, Darko R"]
[Result "1-0"]
[WhiteElo "1949"]
[BlackElo "2340"]
[PlyCount "43"]
[EventDate "2011.01.21"]
[EventType "swiss"]
[EventRounds "5"]
[EventCountry "SRB"]
[SourceTitle "CBM 140 Extra"]
[Source "ChessBase"]
[SourceDate "2011.03.01"]
[SourceVersion "1"]
[SourceVersionDate "2011.03.01"]
[SourceQuality "1"]

1. e4 c5 2. Nc3 d6 3. f4 Nc6 4. Nf3 g6 5. Bb5 Bg7 6. 0-0 Nf6 7. d3 0-0 8. Qe1 Bd7 9. a4 a6 10. Bc4 Bg4 11. Qh4 Bxf3 12. Rxf3 Nd4 13. Rh3 h5 14. f5 Kh7 15. g4 Nxc2 16. Rb1 Nd4 17. gxh5 Nxh5 18. Bxf7 Rxf7 19. fxg6+ Kxg6 20. Qxh5+ Kf6 21. Nd5+ Ke6 22. Qg4+ 1-0

[Event "Belgrade Trophy 23rd"]
[Site "Obrenovac"]
[Date "2010.12.02"]
[Round "9"]
[White "Djordjevic, Vuk D"]
[Black "Petrovic, Milan M"]
[Result "1/2-1/2"]
[WhiteElo "1826"]
[BlackElo "1956"]
[PlyCount "164"]
[EventDate "2010.11.24"]
[EventType "swiss"]
[EventRounds "9"]
[EventCountry "YUG"]
[SourceTitle "CBM 139 Extra"]
[Source "ChessBase"]
[SourceDate "2011.01.05"]
[SourceVersion "1"]
[SourceVersionDate "2011.01.05"]
[SourceQuality "1"]

1. e4 c6 2. d4 d5 3. Nd2 dxe4 4. Nxe4 Nd7 5. Nf3 Ngf6 6. Nxf6+ Nxf6 7. Bc4 e6 8. 0-0 Bd6 9. c3 Qc7 10. h3 0-0 11. Qe2 c5 12. dxc5 Bxc5 13. Bb3 Bd7 14. Be3 Rad8 15. Rfd1 a6 16. Bd4 Bxd4 17. Nxd4 Rfe8 18. Bc2 g6 19. Qf3 Kg7 20. Be4 Bc8 21. Nc2 Nd7 22. Ne3 f5 23. Bc2 b6 24. Qe2 Bb7 25. Nc4 Bd5 26. Bb3 b5 27. Ne3 Bb7 28. c4 Qe5 29. Qc2 Nf6 30. Rxd8 Rxd8 31. Rd1 Rxd1+ 32. Qxd1 h5 33. cxb5 axb5 34. Qd8 Kf7 35. Qb6 Bc8 36. a4 Qxb2 37. Qxb5 Qb1+ 38. Nf1 Qe4 39. Ng3 Qe1+ 40. Qf1 Qe5 41. Qe2 Qa1+ 42. Qd1 Qe5 43. Qe2 Qa5 44. Qb5 Qxb5 45. axb5 Ke7 46. Ne2 Kd6 47. h4 e5 48. Bf7 Bd7 49. Bxg6 Bxb5 50. Ng3 f4 51. Nxh5 Ng8 52. Bh7 Nh6 53. Nf6 Bc6 54. Be4 Bxe4 55. Nxe4+ Ke6 56. Kh2 Kf5 57. f3 Kg6 58. Kh3 Nf5 59. Nf2 Ne3 60. Nd3 Kf6 61. Nf2 Kg6 62. Ng4 Nc4 63. g3 Kf5 64. h5 fxg3 65. h6 Kg6 66. Kxg3 Nd6 67. Nxe5+ Kxh6 68. Kf4 Kg7 69. Kg5 Ne8 70. Nd7 Kf7 71. f4 Ke7 72. Nc5 Kf7 73. Nd3 Nd6 74. Ne5+ Ke6 75. Kg6 Nf5 76. Nf3 Ne7+ 77. Kg5 Nf5 78. Nh4 Nxh4 79. Kxh4 Kf5 80. Kg3 Kf6 81. Kg4 Kg6 82. f5+ Kf6 1/2-1/2